000 00393nam a2200145Ia 4500
008 231129s2008||||xx |||||||||||||| ||spa||
020 _a978-958-44-3113-4
040 _bspa
082 _aCo863.6 H557t
100 _aHernández V. ílvaro
245 0 _aTiempo sin nombre
260 _c2008
264 _aCaza de Libros; Pijao Editores
942 _2ddc
_cBKS
999 _c25387
_d25387